[Event "4. Moscu Open 2008"]
[Site "Moscu RUS"]
[Date "2008.02.05"]
[Round "4.38"]
[White "Mozharov, Mikhail"]
[Black "Evdokimov, Alexander A"]
[Result "1/2-1/2"]
[WhiteElo "2434"]
[BlackElo "2569"]
[PlyCount "36"]
[EventDate "2008.02.02"]
[EventType "swiss"]
[EventRounds "9"]
[EventCountry "RUS"]
[Source "lmi"]
[SourceDate "2008.02.02"]

1. d4 Nf6 2. Nf3 g6 3. c4 Bg7 4. g3 c5 5. Bg2 Qa5+ 6. Qd2 Qxd2+ 7. Nbxd2 cxd4
8. Nxd4 O-O 9. O-O Nc6 10. N2f3 Rb8 11. Rb1 d6 12. b3 Bd7 13. Bb2 Rfc8 14. Rbc1
a6 15. Ne1 Bh6 16. e3 Bg7 17. h3 h5 18. Nd3 Nxd4 1/2-1/2

[Event "4. Moscu Open 2008"]
[Site "Moscu RUS"]
[Date "2008.02.05"]
[Round "4.39"]
[White "Khismatullin, Denis"]
[Black "Appolonov, Sergey"]
[Result "1-0"]
[WhiteElo "2564"]
[BlackElo "2423"]
[PlyCount "47"]
[EventDate "2008.02.02"]
[EventType "swiss"]
[EventRounds "9"]
[EventCountry "RUS"]
[Source "lmi"]
[SourceDate "2008.02.02"]

1. d4 Nf6 2. c4 e6 3. Nc3 d5 4. cxd5 exd5 5. Bg5 Be7 6. e3 Nbd7 7. Bd3 O-O 8.
Nf3 c6 9. Qc2 h6 10. Bh4 Re8 11. O-O-O Ne4 12. Bxe4 Bxh4 13. Bh7+ Kf8 14. Bd3
Nb6 15. Rdg1 Bf6 16. g4 g6 17. Bxg6 fxg6 18. Qxg6 Re6 19. g5 Bg7 20. Qh7 h5 21.
Nh4 Qe8 22. Rg3 Qe7 23. Rf3+ Ke8 24. Nf5 1-0

[Event "4. Moscu Open 2008"]
[Site "Moscu RUS"]
[Date "2008.02.05"]
[Round "4.40"]
[White "Pokazanjev, Nikolai"]
[Black "Shomoev, Anton"]
[Result "1-0"]
[WhiteElo "2405"]
[BlackElo "2562"]
[PlyCount "110"]
[EventDate "2008.02.02"]
[EventType "swiss"]
[EventRounds "9"]
[EventCountry "RUS"]
[Source "lmi"]
[SourceDate "2008.02.02"]

1. e4 c5 2. Nf3 d6 3. d4 cxd4 4. Nxd4 Nf6 5. Nc3 a6 6. Bg5 e6 7. Qf3 h6 8. Bh4
Nbd7 9. O-O-O Qc7 10. Be2 Rb8 11. Rhe1 b5 12. Qh3 Be7 13. f4 b4 14. Nb1 Nc5 15.
e5 dxe5 16. fxe5 Nd5 17. Bxe7 Nxe7 18. Nd2 O-O 19. Nc4 Ng6 20. Qe3 Bb7 21. g3
Bd5 22. h4 Nd7 23. Nf3 Bxf3 24. Bxf3 Qxc4 25. Rxd7 Qxa2 26. h5 Rfd8 27. Qd4
Rxd7 28. Qxd7 Qa1+ 29. Kd2 Qa5 30. hxg6 Rd8 31. gxf7+ Kf8 32. Qd6+ Kxf7 33. Rf1
Kg6 34. Be4+ Kg5 35. Rf7 Rxd6+ 36. exd6 Qe5 37. d7 Qd4+ 38. Bd3 e5 39. c3 bxc3+
40. bxc3 Qd5 41. Ke3 a5 42. Rxg7+ Kf6 43. Rh7 a4 44. Rxh6+ Ke7 45. Rh7+ Kd8 46.
Bf5 Qg8 47. g4 a3 48. Rh1 a2 49. c4 Kc7 50. Rd1 Qa8 51. Ke2 Kd8 52. Ra1 Qa3 53.
Rh1 Qb2+ 54. Kf3 Qb7+ 55. Be4 Qb3+ 1-0

[Event "4. Moscu Open 2008"]
[Site "Moscu RUS"]
[Date "2008.02.05"]
[Round "4.41"]
[White "Vovk, Yuri"]
[Black "Matsenko, Sergei"]
[Result "1-0"]
[WhiteElo "2561"]
[BlackElo "2418"]
[PlyCount "47"]
[EventDate "2008.02.02"]
[EventType "swiss"]
[EventRounds "9"]
[EventCountry "RUS"]
[Source "lmi"]
[SourceDate "2008.02.02"]

1. e4 c5 2. Nf3 Nc6 3. Bb5 e6 4. Bxc6 bxc6 5. d3 Ne7 6. Qe2 f6 7. h4 h5 8. e5
Nf5 9. Bf4 Qb6 10. c4 Nd4 11. Nxd4 cxd4 12. Nd2 Kf7 13. Ne4 Qa5+ 14. Kf1 Be7
15. Rh3 c5 16. Ng3 d6 17. Nxh5 dxe5 18. Bxe5 Bb7 19. Re1 Qa6 20. Qg4 Rh7 21.
Rg3 fxe5 22. Qg6+ Kg8 23. Nxg7 Kf8 24. Ne8 1-0

[Event "4. Moscu Open 2008"]
[Site "Moscu RUS"]
[Date "2008.02.05"]
[Round "4.43"]
[White "Peregudov, Nickolai"]
[Black "Le, Quang Liem"]
[Result "1/2-1/2"]
[WhiteElo "2398"]
[BlackElo "2540"]
[PlyCount "140"]
[EventDate "2008.02.02"]
[EventType "swiss"]
[EventRounds "9"]
[EventCountry "RUS"]
[Source "lmi"]
[SourceDate "2008.02.02"]

1. d4 Nf6 2. c4 e6 3. Nf3 b6 4. a3 Ba6 5. Qc2 c5 6. dxc5 bxc5 7. Bg5 Nc6 8. e3
Be7 9. Be2 Qb6 10. Nbd2 O-O 11. Rb1 Bb7 12. O-O a5 13. Bxf6 Bxf6 14. Ne4 Be7
15. Rfd1 Qc7 16. Nc3 Rad8 17. Rd2 Bc8 18. Rbd1 Qb8 19. Nb5 f5 20. g3 g5 21. Bf1
g4 22. Ne1 e5 23. h3 h5 24. hxg4 hxg4 25. Bg2 e4 26. Bxe4 fxe4 27. Qxe4 Rf7 28.
Qxg4+ Rg7 29. Qe4 Qe5 30. Qd5+ Qxd5 31. Rxd5 Rg4 32. Kg2 Rxc4 33. f3 a4 34. g4
Kf7 35. Rh5 Kg7 36. Rhd5 Rh8 37. Nd6 Bxd6 38. Rxd6 Kf7 39. Kg3 Ke7 40. R6d2 Ne5
41. Rd5 Nf7 42. R5d2 Rh1 43. Kg2 Rh6 44. Kg3 Re6 45. Ng2 Kd8 46. e4 Rb6 47. Ne3
Rd4 48. Rxd4 cxd4 49. Rxd4 Rxb2 50. Rxa4 Rb3 51. Kf4 d6 52. Ng2 Ne5 53. Nh4 Kc7
54. g5 Rb1 55. Ra7+ Kb6 56. Rg7 Bd7 57. Rg8 Rh1 58. Ng6 Be6 59. Rg7 Nd3+ 60.
Ke3 Bc4 61. Kd4 Ba6 62. Ne7 Ne5 63. Nd5+ Ka5 64. f4 Rh3 65. Nb4 Rxa3 66. fxe5
dxe5+ 67. Kxe5 Kxb4 68. Ra7 Kb5 69. g6 Rg3 70. g7 Kb6 1/2-1/2

[Event "4. Moscu Open 2008"]
[Site "Moscu RUS"]
[Date "2008.02.05"]
[Round "4.44"]
[White "Potapov, Pavel"]
[Black "Vorobiov, Evgeny E"]
[Result "0-1"]
[WhiteElo "2395"]
[BlackElo "2537"]
[PlyCount "110"]
[EventDate "2008.02.02"]
[EventType "swiss"]
[EventRounds "9"]
[EventCountry "RUS"]
[Source "lmi"]
[SourceDate "2008.02.02"]

1. e4 c5 2. c3 Nf6 3. e5 Nd5 4. Nf3 Nc6 5. Bc4 Nb6 6. Bb3 c4 7. Bc2 d6 8. exd6
Qxd6 9. O-O g6 10. Na3 Bg7 11. b3 cxb3 12. axb3 O-O 13. d4 Bg4 14. Nc4 Qd5 15.
Ne3 Bxf3 16. Qxf3 Qxf3 17. gxf3 Rfd8 18. f4 e6 19. Kg2 Rac8 20. Bd2 a6 21. Be4
Nxd4 22. cxd4 Rxd4 23. Bxb7 Rc7 24. Bxa6 Rxd2 25. Rad1 Ra2 26. Bc4 Bf8 27. Ra1
Rca7 28. Rxa2 Rxa2 29. Rc1 Bc5 30. Rc2 Ra3 31. Ng4 h5 32. Ne5 Bd6 33. Rd2 Bc7
34. Rc2 Kg7 35. Nd3 Bd6 36. Bxe6 fxe6 37. Rc6 Nd5 38. Rxd6 Rxb3 39. Ne1 Nxf4+
40. Kf1 Rb1 41. Rd2 g5 42. f3 Kf6 43. Kf2 Nh3+ 44. Kg2 Nf4+ 45. Kf2 h4 46. Nc2
Rh1 47. Ke3 h3 48. Nd4 Nd5+ 49. Kd3 Re1 50. Kc4 Re3 51. Kc5 Rc3+ 52. Kd6 Ne3
53. Kd7 Nc4 54. Rd1 Ne5+ 55. Kd8 Nxf3 0-1

[Event "4. Moscu Open 2008"]
[Site "Moscu RUS"]
[Date "2008.02.05"]
[Round "4.45"]
[White "Kharitonov, Alexandr"]
[Black "Tonoian, Armen"]
[Result "1-0"]
[WhiteElo "2524"]
[BlackElo "2398"]
[PlyCount "77"]
[EventDate "2008.02.02"]
[EventType "swiss"]
[EventRounds "9"]
[EventCountry "RUS"]
[Source "lmi"]
[SourceDate "2008.02.02"]

1. d4 d5 2. c4 dxc4 3. Nf3 Nf6 4. e3 e6 5. Bxc4 c5 6. O-O a6 7. a4 Nc6 8. Qe2
cxd4 9. Rd1 Be7 10. exd4 O-O 11. Nc3 Nd5 12. Bb3 Re8 13. h4 Na5 14. Bc2 Nb4 15.
h5 Nxc2 16. Qxc2 Nc6 17. h6 g6 18. Bf4 Nb4 19. Qe4 Bf8 20. Rac1 Bd7 21. Ne5 Bc6
22. Nxc6 bxc6 23. Qe3 f5 24. Qg3 Ra7 25. Bg5 Be7 26. Bxe7 Rexe7 27. Ne2 Rad7
28. Rc5 Rd6 29. Re1 Rd5 30. Rc4 a5 31. Nf4 Rd6 32. Nd3 Nxd3 33. Qxd3 Qb6 34.
Qe2 Red7 35. d5 Rxd5 36. Qxe6+ Kf8 37. Rxc6 Rd1 38. Rxd1 Rxd1+ 39. Kh2 1-0

[Event "4. Moscu Open 2008"]
[Site "Moscu RUS"]
[Date "2008.02.05"]
[Round "4.46"]
[White "Rakhmanov, Aleksandr"]
[Black "Kalashian, David"]
[Result "1/2-1/2"]
[WhiteElo "2524"]
[BlackElo "2379"]
[PlyCount "140"]
[EventDate "2008.02.02"]
[EventType "swiss"]
[EventRounds "9"]
[EventCountry "RUS"]
[Source "lmi"]
[SourceDate "2008.02.02"]

1. d4 Nf6 2. c4 e6 3. Nc3 Bb4 4. e3 c5 5. Bd3 O-O 6. Nge2 cxd4 7. exd4 b6 8.
O-O Bb7 9. Bg5 h6 10. Bh4 Be7 11. f3 d5 12. Re1 Nc6 13. cxd5 Nxd5 14. Bf2 Nf6
15. Bc2 Qc8 16. Rc1 Rd8 17. Bb1 Qd7 18. Qb3 Rac8 19. Rcd1 Nb4 20. Rd2 Nbd5 21.
a3 Nh5 22. Nxd5 Qxd5 23. Qd3 g6 24. Nc3 Qc4 25. Qc2 Bg5 26. Rdd1 Bf6 27. Qd2
Bg7 28. Qe3 Nf6 29. Ba2 Qc6 30. Bg3 Qd7 31. Be5 Nd5 32. Bxd5 Bxd5 33. Bxg7 Kxg7
34. Qe5+ Kg8 35. Rd2 Rc4 36. h4 h5 37. Qf6 Rc6 38. Re5 Rd6 39. g4 Bxf3 40. Qxf3
Rxd4 41. Rg2 Rxg4 42. Rxg4 hxg4 43. Qxg4 Qd2 44. Re2 Qd3 45. h5 Rd4 46. Ne4 Kg7
47. Kf2 Rc4 48. Qh4 Qd4+ 49. Kg2 Rc1 50. h6+ Kf8 51. Rd2 Qg1+ 52. Kf3 Qh1+ 53.
Qxh1 Rxh1 54. Rd8+ Ke7 55. Ra8 Rxh6 56. Rxa7+ Kf8 57. Ng5 Rh5 58. Kg4 Rh2 59.
b4 Rg2+ 60. Kh4 Rf2 61. Kg3 Rf1 62. Nf3 f6 63. Rb7 Ra1 64. Rxb6 Rxa3 65. Rxe6
Kf7 66. Rb6 g5 67. Kf2 Ra2+ 68. Ke3 Ra3+ 69. Ke2 g4 70. Nh4 Rb3 1/2-1/2

[Event "4. Moscu Open 2008"]
[Site "Moscu RUS"]
[Date "2008.02.05"]
[Round "4.47"]
[White "Hossain, Enamul"]
[Black "Zolotukhin, Valery"]
[Result "1/2-1/2"]
[WhiteElo "2522"]
[BlackElo "2330"]
[PlyCount "63"]
[EventDate "2008.02.02"]
[EventType "swiss"]
[EventRounds "9"]
[EventCountry "RUS"]
[Source "lmi"]
[SourceDate "2008.02.02"]

1. e4 Nc6 2. Nf3 d5 3. exd5 Qxd5 4. Nc3 Qa5 5. Bb5 Bd7 6. O-O a6 7. Bxc6 Bxc6
8. d4 Qh5 9. d5 O-O-O 10. Bf4 Bxd5 11. Ne5 Qxd1 12. Raxd1 Be6 13. Rxd8+ Kxd8
14. Ne4 f6 15. Nc5 Bxa2 16. Ned7 b6 17. Nxf8 bxc5 18. b3 c4 19. Ne6+ Kc8 20.
Nc5 cxb3 21. cxb3 Nh6 22. Ra1 Rd8 23. h3 Rd5 24. Rc1 g5 25. Bh2 e5 26. Nxa6
Bxb3 27. Nxc7 Rd1+ 28. Rxd1 Bxd1 29. Nd5 Ng8 30. Ne3 Be2 31. f3 h5 32. Kf2
1/2-1/2

[Event "4. Moscu Open 2008"]
[Site "Moscu RUS"]
[Date "2008.02.05"]
[Round "4.48"]
[White "Polivanov, Anatoliy"]
[Black "Geller, Jakov"]
[Result "0-1"]
[WhiteElo "2391"]
[BlackElo "2511"]
[PlyCount "104"]
[EventDate "2008.02.02"]
[EventType "swiss"]
[EventRounds "9"]
[EventCountry "RUS"]
[Source "lmi"]
[SourceDate "2008.02.02"]

1. e4 c5 2. Nf3 e6 3. d4 cxd4 4. Nxd4 Nc6 5. Nc3 Qc7 6. Be3 a6 7. Be2 Nf6 8. a3
b5 9. Nxc6 dxc6 10. f4 Bb7 11. O-O Be7 12. e5 Rd8 13. Qe1 Nd7 14. a4 O-O 15.
Qf2 b4 16. Ne4 c5 17. Bf3 Bd5 18. Nd2 Nb6 19. Bxd5 Nxd5 20. Nc4 Nb6 21. Qe2
Nxc4 22. Qxc4 Qc6 23. c3 Rb8 24. Rfc1 bxc3 25. Qxc3 Qe4 26. Re1 Rfd8 27. Bxc5
Bxc5+ 28. Qxc5 Qxf4 29. Rf1 Qd4+ 30. Qxd4 Rxd4 31. Rfd1 Re4 32. a5 g5 33. Ra2
Re2 34. Kf1 Rbxb2 35. Rxb2 Rxb2 36. Rd6 Rb5 37. Rxa6 Rxe5 38. Ra8+ Kg7 39. a6
Ra5 40. Ke2 Ra2+ 41. Kf3 h5 42. h3 h4 43. Ra7 Kf6 44. Ra8 Kf5 45. a7 Ra3+ 46.
Kf2 e5 47. Ke2 e4 48. Kd2 Kf4 49. Ke2 Ra2+ 50. Kd1 f6 51. Kc1 Kg3 52. Kb1 Ra6
0-1

[Event "4. Moscu Open 2008"]
[Site "Moscu RUS"]
[Date "2008.02.05"]
[Round "4.49"]
[White "Gagarin, Vasilij"]
[Black "Dzhakaev, Dzhakay"]
[Result "1-0"]
[WhiteElo "2378"]
[BlackElo "2510"]
[PlyCount "75"]
[EventDate "2008.02.02"]
[EventType "swiss"]
[EventRounds "9"]
[EventCountry "RUS"]
[Source "lmi"]
[SourceDate "2008.02.02"]

1. d4 d6 2. Nf3 Bg4 3. c4 Nd7 4. g3 c6 5. Bg2 e5 6. Nc3 Ngf6 7. h3 Bh5 8. O-O
Qb6 9. c5 Qd8 10. cxd6 Bxf3 11. exf3 Bxd6 12. dxe5 Bxe5 13. f4 Bxc3 14. Qe2+
Qe7 15. Qxe7+ Kxe7 16. bxc3 Nb6 17. a4 Kd7 18. a5 Nc4 19. Rd1+ Kc7 20. Bf1 Nd6
21. c4 Nfe4 22. Ba3 Rad8 23. Kg2 Rhe8 24. f3 Nf6 25. g4 Re3 26. Bc5 Rb3 27.
Bxa7 Rb2+ 28. Kg1 Nd7 29. c5 Nc8 30. Bb6+ Ncxb6 31. axb6+ Nxb6 32. cxb6+ Rxb6
33. Rxd8 Kxd8 34. f5 Rb2 35. g5 f6 36. g6 hxg6 37. fxg6 Ke7 38. Re1+ 1-0

[Event "4. Moscu Open 2008"]
[Site "Moscu RUS"]
[Date "2008.02.05"]
[Round "4.50"]
[White "Maslak, Konstantin"]
[Black "Krylov, Mikhail"]
[Result "0-1"]
[WhiteElo "2510"]
[BlackElo "2371"]
[PlyCount "106"]
[EventDate "2008.02.02"]
[EventType "swiss"]
[EventRounds "9"]
[EventCountry "RUS"]
[Source "lmi"]
[SourceDate "2008.02.02"]

1. e4 e5 2. Nf3 Nc6 3. Bb5 a6 4. Ba4 Nf6 5. O-O Be7 6. Re1 b5 7. Bb3 O-O 8. h3
Bb7 9. d3 d6 10. a3 Na5 11. Ba2 c5 12. Nbd2 Re8 13. Nf1 h6 14. Ng3 Bf8 15. Nh2
c4 16. Ng4 d5 17. exd5 Nxg4 18. Qxg4 Qxd5 19. Nf5 h5 20. Qg5 Re6 21. f3 Qd7 22.
Kh1 Rf6 23. Nh4 Nc6 24. Qxh5 Nd4 25. Bg5 g6 26. Qg4 Qxg4 27. hxg4 Rd6 28. dxc4
Nxc2 29. c5 Rc6 30. Bd5 Rc7 31. c6 Bxc6 32. Bxc6 Rxc6 33. Rac1 Kg7 34. Red1
Rac8 35. Rd7 Nd4 36. Rxc6 Rxc6 37. Bd2 Rd6 38. Rb7 Ne2 39. Bb4 Rd1+ 40. Kh2
Bxb4 41. axb4 Rd2 42. f4 Nxf4 43. Nf3 Rxg2+ 44. Kh1 Rxg4 45. Nxe5 Rh4+ 46. Kg1
Kf6 47. Nxf7 Rh7 48. Nd6 Rxb7 49. Nxb7 Nd3 50. Kg2 Ke5 51. Kf3 Kd4 52. Na5 Nxb4
53. Kg4 Nd3 0-1

[Event "4. Moscu Open 2008"]
[Site "Moscu RUS"]
[Date "2008.02.05"]
[Round "4.51"]
[White "Sharafiev, Azat"]
[Black "Kiselev, Vitaliy"]
[Result "1/2-1/2"]
[WhiteElo "2332"]
[BlackElo "2590"]
[PlyCount "81"]
[EventDate "2008.02.02"]
[EventType "swiss"]
[EventRounds "9"]
[EventCountry "RUS"]
[Source "lmi"]
[SourceDate "2008.02.02"]

1. d4 d5 2. c4 e6 3. Nc3 Nf6 4. Bg5 Nbd7 5. e3 c6 6. Nf3 Be7 7. Bd3 O-O 8. cxd5
exd5 9. O-O Re8 10. Qc2 Nf8 11. Ne5 Ng4 12. Bxe7 Qxe7 13. Nxg4 Bxg4 14. Rae1
Qd6 15. f3 Bh5 16. f4 Re7 17. Qf2 f6 18. Kh1 Rae8 19. Rg1 Bf7 20. g4 a6 21. g5
fxg5 22. Rxg5 Kh8 23. Re5 Nd7 24. Rxe7 Rxe7 25. Rg1 Qh6 26. Bf5 Be6 27. Bb1 Bg8
28. Ne2 Qe6 29. Rg3 Nf6 30. f5 Qc8 31. Nf4 Bf7 32. Bc2 c5 33. Ne6 cxd4 34. Nxd4
Qc4 35. a3 Be8 36. Rg1 Qc7 37. Qg3 Qc8 38. Rg2 Rc7 39. Bd3 Rc1+ 40. Rg1 Rxg1+
41. Qxg1 1/2-1/2

[Event "4. Moscu Open 2008"]
[Site "Moscu RUS"]
[Date "2008.02.05"]
[Round "4.52"]
[White "Gundavaa, Bayarsaihan"]
[Black "Bagirov, Rufat"]
[Result "1/2-1/2"]
[WhiteElo "2320"]
[BlackElo "2495"]
[PlyCount "65"]
[EventDate "2008.02.02"]
[EventType "swiss"]
[EventRounds "9"]
[EventCountry "RUS"]
[Source "lmi"]
[SourceDate "2008.02.02"]

1. Nf3 Nf6 2. d4 d5 3. c4 e6 4. g3 dxc4 5. Bg2 Nc6 6. O-O Rb8 7. e3 b5 8. Qe2
Be7 9. Rd1 O-O 10. Nc3 b4 11. Nb1 Na5 12. Ne5 c5 13. Nd2 Ba6 14. Ndxc4 cxd4 15.
b3 Qc7 16. exd4 Rbc8 17. Bf4 Nxc4 18. Rac1 Bd6 19. bxc4 Nd5 20. Qg4 Nxf4 21.
gxf4 Qa5 22. c5 Bxe5 23. fxe5 Bb5 24. d5 exd5 25. Bxd5 Ba4 26. Rd4 Rxc5 27.
Rxc5 Qxc5 28. Rxb4 Qxd5 29. Rxa4 Rb8 30. Qe4 Qxe4 31. Rxe4 Rb5 32. a4 Rd5 33.
Rb4 1/2-1/2

[Event "4. Moscu Open 2008"]
[Site "Moscu RUS"]
[Date "2008.02.05"]
[Round "4.53"]
[White "Demianjuk, Alexander"]
[Black "Zabotin, Alexander"]
[Result "0-1"]
[WhiteElo "2305"]
[BlackElo "2495"]
[PlyCount "76"]
[EventDate "2008.02.02"]
[EventType "swiss"]
[EventRounds "9"]
[EventCountry "RUS"]
[Source "lmi"]
[SourceDate "2008.02.02"]

1. e4 c5 2. Nf3 Nc6 3. d4 cxd4 4. Nxd4 Nf6 5. Nc3 d6 6. Be2 e5 7. Nf3 h6 8. O-O
Be7 9. Re1 O-O 10. h3 Re8 11. Bf1 Bf8 12. b3 Be6 13. Bb2 a6 14. a4 Rc8 15. Nd5
Bxd5 16. exd5 Nb4 17. c4 a5 18. Nh2 Nd7 19. Bd3 Nc5 20. Bf5 Rc7 21. Bc3 g6 22.
Bc2 Bg7 23. Qd2 Nca6 24. Rad1 f5 25. Bb1 Rf7 26. Nf1 Qb6 27. Kh1 Nc5 28. Qe3
Kh7 29. Nd2 Qd8 30. f3 Qh4 31. Re2 h5 32. Qg1 Bh6 33. Nf1 Nxb3 34. Qb6 Qxc4 35.
Bxb4 Qxe2 36. Re1 Qa6 37. Qxa6 bxa6 38. Bxd6 Rd7 0-1

[Event "4. Moscu Open 2008"]
[Site "Moscu RUS"]
[Date "2008.02.05"]
[Round "4.54"]
[White "Ajrapetian, Gevorg"]
[Black "Tarlev, Konstantin"]
[Result "1/2-1/2"]
[WhiteElo "2298"]
[BlackElo "2492"]
[PlyCount "98"]
[EventDate "2008.02.02"]
[EventType "swiss"]
[EventRounds "9"]
[EventCountry "RUS"]
[Source "lmi"]
[SourceDate "2008.02.02"]

1. e4 Nc6 2. Nf3 e5 3. Bb5 a6 4. Ba4 Nf6 5. O-O Be7 6. Re1 b5 7. Bb3 d6 8. c3
O-O 9. h3 Nb8 10. d4 Nbd7 11. Nbd2 Bb7 12. Bc2 Re8 13. Nf1 Bf8 14. Ng3 g6 15.
a4 c6 16. Be3 Qc7 17. b3 h6 18. Qd2 Kh7 19. Bd3 Bg7 20. Rac1 Rad8 21. Qa2 Re7
22. b4 Nb6 23. a5 Nbd7 24. c4 exd4 25. Bxd4 Qb8 26. Ba1 Ne5 27. Be2 Rde8 28. c5
Nxf3+ 29. Bxf3 d5 30. Qb1 Nxe4 31. Bxe4 Bxa1 32. Bxg6+ fxg6 33. Qxa1 Qc7 34.
Kf1 Qf4 35. Rxe7+ Rxe7 36. Qb2 Bc8 37. Rd1 Bf5 38. Rd4 Qe5 39. Qd2 g5 40. Ne2
Bg6 41. f3 Bf5 42. Kf2 Qh2 43. Ng1 Qe5 44. Ne2 Qh2 45. Ng1 Qc7 46. Qc3 Qe5 47.
Qd2 h5 48. f4 gxf4 49. Rxf4 Be4 1/2-1/2

[Event "4. Moscu Open 2008"]
[Site "Moscu RUS"]
[Date "2008.02.05"]
[Round "4.56"]
[White "Viliavin, Roman"]
[Black "Friedel, Joshua E"]
[Result "0-1"]
[WhiteElo "2239"]
[BlackElo "2487"]
[PlyCount "96"]
[EventDate "2008.02.02"]
[EventType "swiss"]
[EventRounds "9"]
[EventCountry "RUS"]
[Source "lmi"]
[SourceDate "2008.02.02"]

1. e4 e5 2. Nf3 Nc6 3. Bb5 a6 4. Ba4 Nf6 5. O-O b5 6. Bb3 Bc5 7. a4 Rb8 8. c3
d6 9. d4 Bb6 10. h3 Bb7 11. Re1 O-O 12. axb5 axb5 13. Be3 exd4 14. cxd4 Na5 15.
Bc2 Bxe4 16. Bxe4 Nxe4 17. d5 Re8 18. Bxb6 cxb6 19. Qd3 Nc5 20. Qxb5 Rxe1+ 21.
Nxe1 Nab3 22. Ra7 Nd4 23. Qc4 Qh4 24. Nd2 Qf4 25. Nc2 Nf3+ 26. gxf3 Qxd2 27.
Ne3 Nd3 28. Qh4 Qxb2 29. Rd7 Qa1+ 30. Kh2 Qe5+ 31. f4 Qxf4+ 32. Qxf4 Nxf4 33.
Rxd6 Kf8 34. Rc6 b5 35. d6 Ne6 36. Nd5 Ke8 37. Nb6 Nd8 38. d7+ Ke7 39. Nd5+
Kxd7 40. Rc3 Kd6 41. Nb4 Rb6 42. Rd3+ Kc5 43. Nc2 Rd6 44. Rc3+ Kb6 45. Ne3 Nc6
46. Rb3 Rd4 47. Kg2 b4 48. Nf5 Rd5 0-1

[Event "4. Moscu Open 2008"]
[Site "Moscu RUS"]
[Date "2008.02.05"]
[Round "4.57"]
[White "Sutovsky, Emil"]
[Black "Rettore, Ludwig"]
[Result "1-0"]
[WhiteElo "2642"]
[BlackElo "2210"]
[PlyCount "59"]
[EventDate "2008.02.02"]
[EventType "swiss"]
[EventRounds "9"]
[EventCountry "RUS"]
[Source "lmi"]
[SourceDate "2008.02.02"]

1. e4 e5 2. Nf3 Nf6 3. d4 Nxe4 4. Bd3 d5 5. dxe5 Nc5 6. Nc3 c6 7. Nd4 Nxd3+ 8.
Qxd3 Bc5 9. Be3 Na6 10. O-O-O O-O 11. Rhe1 Nb4 12. Qd2 Be7 13. a3 Na6 14. Nb3
Be6 15. h3 Qc7 16. Bg5 Nc5 17. Nd4 a5 18. Bxe7 Qxe7 19. Qe3 Na6 20. g4 Rfd8 21.
Nf5 Bxf5 22. gxf5 d4 23. Rxd4 Rxd4 24. Qxd4 Qg5+ 25. Kb1 Qxf5 26. Ne4 h6 27.
Nd6 Qxh3 28. e6 fxe6 29. Rg1 g5 30. Qe4 1-0

[Event "4. Moscu Open 2008"]
[Site "Moscu RUS"]
[Date "2008.02.05"]
[Round "4.58"]
[White "Macieja, Bartlomiej"]
[Black "Gorovykh, Eduard"]
[Result "1/2-1/2"]
[WhiteElo "2617"]
[BlackElo "2402"]
[PlyCount "84"]
[EventDate "2008.02.02"]
[EventType "swiss"]
[EventRounds "9"]
[EventCountry "RUS"]
[Source "lmi"]
[SourceDate "2008.02.02"]

1. d4 Nf6 2. Bg5 c6 3. c3 Qb6 4. Qc2 d5 5. Nd2 g6 6. Bxf6 exf6 7. e4 f5 8. e5
Bh6 9. g3 Be6 10. f4 Nd7 11. Ngf3 f6 12. O-O-O fxe5 13. dxe5 Bf8 14. Nd4 Bg8
15. Nxf5 gxf5 16. Qxf5 Be7 17. Qg4 d4 18. Nc4 Bxc4 19. Bxc4 O-O-O 20. Rxd4 Kb8
21. Qg7 Rhe8 22. Rhd1 Nc5 23. Qxh7 Na4 24. Qc2 Rxd4 25. Rxd4 Bc5 26. Rd1 Be3+
27. Kb1 Nc5 28. Re1 Rd8 29. Rxe3 Nb3 30. Bxb3 Qxe3 31. a4 Rd2 32. Qf5 a5 33. e6
Qf2 34. Qf8+ Ka7 35. Qa3 Re2 36. Ka2 Qg1 37. Qd6 Qc1 38. Qd4+ b6 39. Qd7+ Kb8
40. Qd8+ Kb7 41. Qd7+ Kb8 42. Qd8+ Kb7 1/2-1/2

[Event "4. Moscu Open 2008"]
[Site "Moscu RUS"]
[Date "2008.02.05"]
[Round "4.59"]
[White "Slugin, Sergey"]
[Black "Grigoriants, Sergey"]
[Result "1/2-1/2"]
[WhiteElo "2402"]
[BlackElo "2583"]
[PlyCount "30"]
[EventDate "2008.02.02"]
[EventType "swiss"]
[EventRounds "9"]
[EventCountry "RUS"]
[Source "lmi"]
[SourceDate "2008.02.02"]

1. d4 Nf6 2. c4 e6 3. Nf3 b6 4. g3 Ba6 5. Qc2 Bb7 6. Bg2 c5 7. d5 exd5 8. cxd5
Nxd5 9. Qb3 Nf6 10. Ne5 d5 11. Nc3 Nbd7 12. Bf4 c4 13. Qc2 Bb4 14. O-O Bxc3 15.
Qxc3 Nc5 1/2-1/2

[Event "4. Moscu Open 2008"]
[Site "Moscu RUS"]
[Date "2008.02.05"]
[Round "4.60"]
[White "Kurnosov, Igor"]
[Black "Okara, Andrey"]
[Result "1-0"]
[WhiteElo "2577"]
[BlackElo "2402"]
[PlyCount "67"]
[EventDate "2008.02.02"]
[EventType "swiss"]
[EventRounds "9"]
[EventCountry "RUS"]
[Source "lmi"]
[SourceDate "2008.02.02"]

1. e4 e5 2. Nf3 Nc6 3. Bb5 a6 4. Ba4 Nf6 5. O-O Be7 6. d3 d6 7. c3 O-O 8. Re1
b5 9. Bc2 Re8 10. Nbd2 Bf8 11. Nf1 h6 12. Ng3 Bb7 13. d4 g6 14. h4 Bc8 15. h5
Nxh5 16. Nxh5 gxh5 17. d5 Ne7 18. Nh2 h4 19. Ng4 Bxg4 20. Qxg4+ Ng6 21. g3 Kh7
22. Qh5 hxg3 23. fxg3 Qf6 24. Rf1 Qg7 25. Kh2 Nh8 26. Be3 Be7 27. Rf5 Qg6 28.
Qh3 Kg7 29. Bd1 Bg5 30. Bh5 Qh7 31. Raf1 Re7 32. Bxg5 hxg5 33. Rxg5+ Ng6 34.
Qf5 1-0

[Event "4. Moscu Open 2008"]
[Site "Moscu RUS"]
[Date "2008.02.05"]
[Round "4.61"]
[White "Reshetnikov, Alexey"]
[Black "Deviatkin, Andrei"]
[Result "0-1"]
[WhiteElo "2388"]
[BlackElo "2543"]
[PlyCount "72"]
[EventDate "2008.02.02"]
[EventType "swiss"]
[EventRounds "9"]
[EventCountry "RUS"]
[Source "lmi"]
[SourceDate "2008.02.02"]

1. e4 e5 2. Nf3 d6 3. d4 exd4 4. Nxd4 Nf6 5. Nc3 Be7 6. Be2 O-O 7. O-O Re8 8.
f4 Nbd7 9. Bf3 Bf8 10. Re1 Nc5 11. Nb3 Nxb3 12. axb3 c6 13. Be3 Qc7 14. Kh1 b6
15. Bd4 Nd7 16. Qd2 Bb7 17. Qf2 a5 18. Qg3 b5 19. e5 dxe5 20. fxe5 b4 21. Ne4
c5 22. Nd6 Bxf3 23. Nxe8 Rxe8 24. e6 Qxg3 25. hxg3 fxe6 26. Bxg7 Bd5 27. Bxf8
Rxf8 28. Kg1 Ra8 29. Kf2 Kf7 30. Rh1 Kg6 31. Rh4 Nf6 32. Ke3 h5 33. Rf4 Ng4+
34. Ke2 e5 35. Rff1 Bxg2 36. Rg1 Be4 0-1

[Event "4. Moscu Open 2008"]
[Site "Moscu RUS"]
[Date "2008.02.05"]
[Round "4.63"]
[White "Predein, Vladimir"]
[Black "Bryzgalin, Kirill"]
[Result "1/2-1/2"]
[WhiteElo "2382"]
[BlackElo "2531"]
[PlyCount "37"]
[EventDate "2008.02.02"]
[EventType "swiss"]
[EventRounds "9"]
[EventCountry "RUS"]
[Source "lmi"]
[SourceDate "2008.02.02"]

1. d4 Nf6 2. Nf3 d5 3. c4 c6 4. e3 Bf5 5. Nc3 e6 6. Nh4 Bg4 7. Qb3 Qc7 8. h3
Bh5 9. g4 Bg6 10. Nxg6 hxg6 11. Bg2 Nbd7 12. cxd5 exd5 13. Bd2 Nb6 14. O-O-O
O-O-O 15. Kb1 Nc4 16. Bc1 Nb6 17. f3 Be7 18. e4 Kb8 19. Ne2 1/2-1/2